000 00507nam a2200181Ia 4500
008 230718s9999 xx 000 0 und d
020 _a9788173197970
041 _aeng
082 _a620.1127
_bRAJ
100 _aRaj B.
_9161205
245 _aPractical Non-Destructive Testing
250 _a3rd ed.
260 _c2018
_bNarosa Publishing
300 _a211
365 _cRs.
_b305.00
700 _aRaj B.; Jayakumar T. & Thavasimuthu M.
_9190112
906 _dO:0613125-Sep-2018B:539622-Sep-2018
_cTM
_b610
999 _c348547
_d348547